| 000 | 02435nka a2200385 i 4500 | ||
|---|---|---|---|
| 001 | 102977 | ||
| 003 | ES-MaACL | ||
| 005 | 20250822063151.0 | ||
| 007 | t| | ||
| 008 | 051222q1800 sp f | |r||1c|spa d | ||
| 100 | 0 |
_aPatas, Jean-Baptiste, _d1748-1817? _eegr _989553 |
|
| 245 | 1 | 1 |
_a[Céfalo y Procris] _h[Material gráfico] / _cPeint par P. Veronese ; Designe par Ant. Martínez ; Gravé par Patas |
| 260 |
_a[Madrid] : _bSe hallará en la Calcografía de la Imprenta Real, _c[ca. 1800] |
||
| 300 |
_a1 estampa : _bgrabado calcográfico ; _c481 x 395 mm |
||
| 490 | 1 |
_aColección facticia de grabados ; _v29 _9184692 |
|
| 500 | _aInscripción; "Céfalo y Procris, de Pablo Beronés... se ha trasladado del Real Palacio al Museo de Madrid" | ||
| 500 | _aEstampa que reproduce la pintura de Veronese que se conservaba en el Palacio Real de Madrid, hoy en el Musée des Beaux-Arts de Strasburg, Francia. Jean Baptiste Patas grabó la plancha de cobre a partir del dibujo de Antonio Martínez | ||
| 520 | _aLa estampa representa el accidente de caza en el que Céfalo mata por error a su amada Procris, quien yace en el suelo, sobre su mano izquierda se apoya la lanza o venablo, en su pecho desnudo puede verse la herida mortal, a su lado Céfalo la mira y sujeta su mano derecha, a su alrededor sus perros, uno de ellos probablemente sea Lélape. Más allá, a la izquierda, Procris, con dos perros entre los arboles, antes de ser herida | ||
| 530 | _aDisponible en formato digital | ||
| 650 | 7 |
_aCéfalo (Personaje mitológico) _2embne _910866 |
|
| 650 | 7 |
_aProcris (Personaje mitológico) _2embne _916441 |
|
| 655 | 7 |
_aGrabados calcográficos _2tgfbne _9241761 |
|
| 655 | 7 |
_aGrabados _2tgfbne _9226846 |
|
| 655 | 4 |
_aReproducciones de obras de arte _9241931 |
|
| 700 | 0 |
_aIl Veronese, _d1528-1588 _eart _965165 |
|
| 700 | 1 |
_aMartínez, Antonio, _d1750?-1798 _edrm _977718 |
|
| 710 | 2 |
_aCalcografía de la Imprenta Real _eedt _9241806 |
|
| 830 | 0 |
_aColección facticia de grabados ; _v29 _9184692 |
|
| 852 | 4 |
_aES-MaACL _cDEPO2 _jGF-2(29) |
|
| 856 | 4 |
_uhttps://bdh-rd.bne.es/viewer.vm?id=0000309911&page=1 _yVersión en línea _z(Biblioteca Digital Hispánica) |
|
| 856 | 4 |
_uhttps://www.museodelprado.es/coleccion/obra-de-arte/cefalo-y-procris/2bb21fef-2bd7-417f-b3a1-6fa974fa673e _yVersión en línea _z(Museo del Prado) |
|
| 942 |
_2udc _cDIBGRB _n0 |
||
| 999 |
_c102977 _d102977 |
||